000
00272nam a2200109Ia 4500
008
190913s9999||||xx |||||||||||||| ||und||
100
_a
Paul Leo
245
4
_a
The Ultimate Technical Trading Software
260
_a
India
_b
Prentice Hall
_c
2000
300
_a
810
942
_c
BK
999
_c
8316
_d
8316